| 000 | 01592nam a2200433 4500 | ||
|---|---|---|---|
| 001 | 30468 | ||
| 003 | BD-RjUL | ||
| 005 | 20211209051553.0 | ||
| 008 | 140410s20021961nbua b s101 0 eng | ||
| 030 | _aNSMPB3 | ||
| 035 | _a(BD-RjUL)30554 | ||
| 035 | _a(BD-RjUL) | ||
| 040 |
_aIHS _beng _cIHS _dLAS _dLM0 _dBD-RjUL _dBNB |
||
| 041 | _aeng | ||
| 060 | 0 | _aW3 NE16 | |
| 060 | 0 | 0 |
_aW3 _bNE16 |
| 082 | 0 | 4 | _a159.4082 |
| 082 |
_a159.4082 _bNEB V-IX 1961 |
||
| 111 | 2 |
_aNebraska Symposium on Motivation, _d1961 _pV-IX _9103134 |
|
| 245 | 1 | 0 |
_aNebraska Symposium on Motivation / _nVolume-IX |
| 246 | 1 | 3 | _aCurrent theory and research in motivation |
| 260 |
_aLincoln, [Neb.] : _bUniversity of Nebraska Press _cc.1961. |
||
| 300 |
_a210 P. : _bill. ; _c23 cm. |
||
| 490 | 1 | _aCurrent Theory and reasearch in motivation | |
| 510 | 2 |
_aIndex medicus _x0019-3879 |
|
| 510 | 2 |
_aBiological abstracts _x0006-3169 |
|
| 510 | 2 |
_aPsychological abstracts _x0033-2887 _b1964- |
|
| 550 | _aSymposia for 1954- sponsored by the Dept. of Psychology of the University of Nebraska. | ||
| 650 | 0 |
_aMotivation (Psychology) _vCongresses. _992582 |
|
| 650 | 2 |
_aMotivation _vCongresses. _992583 |
|
| 650 | 2 |
_aSelf Psychology _vCongresses. _992584 |
|
| 780 | 0 | 0 |
_aCurrent Theory and Research in Motivation (Symposium). _tCurrent theory and research in motivation, a symposium _x0070-2099 _w(DLC)sf 82004059 _w(OCoLC)2260043 |
| 830 | 1 |
_aCurrent Theory and reasearch in motivation _9103135 |
|
| 942 |
_2ddc _cBK |
||
| 999 |
_c30468 _d30468 |
||